000 00300nam a22001337a 4500
008 171103b xxu||||| |||| 00| 0 eng d
020 _a2900136085439
041 _aeng
080 _26TH
_a339.138
100 _a60
101 _aMAR
245 _aMARKETING RESEARCH
_cMALHOTRA,N.K
942 _2udc
_cBK
999 _c37543
_d37543